00887cam a2200229 45000010008000000030004000080050017000120080041000290200015000700400009000850820017000941000032001112450075001432500201002182600036004193000010004553500009004655000058004746500047005327000033005797300045006122652720OSt20200131104230.0700430s1970 enk 001 0 eng  a0521078865 coclc00a820.9bSAM/C aSampson, Georged1873-1950.14aThe concise Cambridge history of English literature /c George Sampson a3rd edbrevised throughout and with additional chapters on the literature of the United States of America and the mid twentieth-century literature of the English-speaking world by R. C. Churchill. aLondon,bCambridge U.P.,c1970. a976 p a65/- aBased on the Cambridge history of English literature. 0aEnglish literaturexHistory and criticism.1 aChurchill, Reginald Charles.0 aCambridge history of English literature.